Does the constitution follow the flag? : (Record no. 10349)
[ view plain ]
| 000 -LEADER | |
|---|---|
| fixed length control field | 00798nam a22002292 4500 |
| 001 - CONTROL NUMBER | |
| control field | 0000024580 |
| 005 - DATE AND TIME OF LATEST TRANSACTION | |
| control field | 20151217152304.0 |
| 008 - FIXED-LENGTH DATA ELEMENTS--GENERAL INFORMATION | |
| fixed length control field | 140109s xx 000 0 eng d |
| 020 ## - INTERNATIONAL STANDARD BOOK NUMBER | |
| International Standard Book Number | 0199858170 : |
| 040 ## - CATALOGING SOURCE | |
| Original cataloging agency | KABU |
| Transcribing agency | KABU |
| 100 1# - MAIN ENTRY--PERSONAL NAME | |
| Personal name | Raustiala, Kal. |
| -- | 0000184888 |
| 245 10 - TITLE STATEMENT | |
| Title | Does the constitution follow the flag? : |
| Remainder of title | the evolution of territoriality in American law / |
| Statement of responsibility, etc. | Kal Raustiala. |
| 250 ## - EDITION STATEMENT | |
| Edition statement | 1st ed. |
| 260 ## - PUBLICATION, DISTRIBUTION, ETC. (IMPRINT) | |
| Place of publication, distribution, etc. | Oxford : |
| Name of publisher, distributor, etc. | O. U. P., |
| Date of publication, distribution, etc. | 2009. |
| 300 ## - PHYSICAL DESCRIPTION | |
| Extent | x, 313 p. |
| 650 #0 - SUBJECT ADDED ENTRY--TOPICAL TERM | |
| Topical term or geographic name as entry element | Conflict of laws |
| General subdivision | Jurisdiction |
| Geographic subdivision | United States. |
| -- | 0000184889 |
| 650 #0 - SUBJECT ADDED ENTRY--TOPICAL TERM | |
| Topical term or geographic name as entry element | Exterritoriality. |
| -- | 0000184890 |
| 651 #0 - SUBJECT ADDED ENTRY--GEOGRAPHIC NAME | |
| Geographic name | United States |
| General subdivision | Foreign relations |
| -- | Law and legislation. |
| -- | 0000184891 |
| 852 1# - LOCATION | |
| -- | p1890 KES |
| 908 ## - PUT COMMAND PARAMETER (RLIN) | |
| Put command parameter | 140109 |
| 950 ## - LOCAL HOLDINGS (RLIN) | |
| -- | 1 |
| Withdrawn status | Lost status | Source of classification or shelving scheme | Not for loan | Home library | Current library | Date acquired | Total Checkouts | Full call number | Barcode | Date last seen | Date last checked out | Price effective from | Koha item type |
|---|---|---|---|---|---|---|---|---|---|---|---|---|---|
| Library of Congress Classification | Kabarak, Main Campus | Kabarak, Main Campus | 17/12/2015 | 1 | KF413 .J87R38 2009 c. 1 | 016369 | 18/06/2021 | 13/05/2021 | 17/12/2015 | General Collection |